000 01430cam a22003974a 4500
999 _c116117
_d116117
001 15459427
003 OSt
005 20200611130923.0
008 080922s2009 ilua b 001 0 eng c
010 _a 2008040972
020 _a9780226114712 (alk. paper)
020 _a9780226114729 (pbk. : alk. paper)
020 _a0226114716 (alk. paper)
020 _a0226114724 (pbk. : alk. paper)
040 _aICU/DLC
_cDLC
_dDLC
042 _apcc
043 _af-sa---
050 0 0 _aGN495.6
_b.C6454 2009
082 0 0 _a305.8 COM
_222
100 1 _aComaroff, John L.,
_d1945-
245 1 0 _aEthnicity, Inc. /
_cJohn L. Comaroff and Jean Comaroff.
246 3 _aEthnicity incorporated
260 _aChicago :
_bUniversity of Chicago Press,
_c2009.
300 _a234 p. :
_bcol. ill. ;
_c24 cm.
440 0 _aChicago studies in practices of meaning
504 _aIncludes bibliographical references (p. 191-222) and index.
650 0 _aEthnicity.
650 0 _aEthnicity
_xEconomic aspects.
650 0 _aEthnicity
_xEconomic aspects
_zSouth Africa.
700 1 _aComaroff, Jean.
856 4 1 _3Table of contents only
_uhttp://www.loc.gov/catdir/toc/ecip0828/2008040972.html
856 4 2 _3Book review (H-Net)
_uhttp://www.h-net.org/reviews/showrev.php?id=30196
906 _a7
_bcbc
_corignew
_d1
_eecip
_f20
_gy-gencatlg
942 _2ddc
_cIR